00250nam a2200097Ia 4500008004100000041000800041100002700049245004800076260002000124365000800144231011s9999 xx 000 0 und d aeng aL.J.Kazmier , N.F.Pohi aBasic Statistics for Business and Economics bM.G.H Newyork - b208